Charakteristiky světových pojistných trhů
Dôsledky finančnej krízy a globálny pohľad na celosvetový vývoj poistenia. Krajiny s najväčším podielom na poistnom trhu. Konkurencieschopnosť poistných produktov.
Salvato in:
| Autore principale: | |
|---|---|
| Natura: | Capitolo di libro |
| Lingua: | ceco |
| Soggetti: | |
| Tags: |
Nessun Tag, puoi essere il primo ad aggiungerne!!
|
MARC
| LEADER | 00000naa a2200000 4500 | ||
|---|---|---|---|
| 001 | 0182413 | ||
| 005 | 20220729111510.3 | ||
| 041 | 0 | |a cze | |
| 044 | |a CZ | ||
| 245 | 1 | 0 | |a Charakteristiky světových pojistných trhů |c Jiří Janata |
| 520 | |a Dôsledky finančnej krízy a globálny pohľad na celosvetový vývoj poistenia. Krajiny s najväčším podielom na poistnom trhu. Konkurencieschopnosť poistných produktov. | ||
| 610 | 2 | 0 | |a poisťovníctvo |
| 610 | 2 | 0 | |a poistenie |
| 610 | 2 | 0 | |a poisťovne |
| 610 | 2 | 0 | |a rezervy technické |
| 610 | 2 | 0 | |a trh poistný |
| 610 | 2 | 0 | |a portfólio |
| 610 | 2 | 0 | |a kríza finančná |
| 610 | 2 | 0 | |a svet |
| 100 | 1 | |a Janata, Jiří | |